Informe de la encuesta de inmigración en la ciudad de San José: 1972 /
Información demográfica y socio-económica sobre la población de la ciudad de San José y sobre el fenómeno migratorio, estudia: datos generales sobre las viviendas y las familias información sobre migrantes y nativos en lo que respecta a nivel de educación, actividad económica, fecundidad y condición...
Αποθηκεύτηκε σε:
| Κύριος συγγραφέας: | |
|---|---|
| Συγγραφή απο Οργανισμό/Αρχή: | |
| Άλλοι συγγραφείς: | |
| Μορφή: | Κείμενο |
| Έκδοση: |
San José:
CESPO
|
| Θέματα: | |
| Ετικέτες: |
Προσθήκη ετικέτας
Δεν υπάρχουν, Καταχωρήστε ετικέτα πρώτοι!
|
MARC
| LEADER | 00000 a a2200000 04500 | ||
|---|---|---|---|
| 001 | 19633 | ||
| 003 | |||
| 040 | |||
| 090 | |a 078300 | ||
| 100 | |a Bermúdez, Vera Violeta | ||
| 110 | |a Universidad de Costa Rica | ||
| 245 | |a Informe de la encuesta de inmigración en la ciudad de San José: 1972 / |c Vera Violeta Bermúdez | ||
| 260 | |a San José: |b CESPO | ||
| 300 | |a 193 p. | ||
| 520 | |a Información demográfica y socio-económica sobre la población de la ciudad de San José y sobre el fenómeno migratorio, estudia: datos generales sobre las viviendas y las familias información sobre migrantes y nativos en lo que respecta a nivel de educación, actividad económica, fecundidad y condición migratoria información específica sobre los migrantes: historia migratoria, lugares en que residió, situación del inmigrante al momento de llegar y al momento de la entrevista./ALLV | ||
| 650 | |a MIGRACION INTERNA | ||
| 650 | |a MIGRANTES | ||
| 700 | |a Fernández, Mario | ||
| 999 | |c 1424 |d 1424 | ||
